[Event "ch-Paris Int"]
[Site "Paris FRA"]
[Date "2010.07.08"]
[Round "6"]
[White "Shchekachev,A"]
[Black "Lanzani,M"]
[Result "0-1"]
[WhiteElo "2546"]
[BlackElo "2360"]

1.c4 e6 2.Nf3 d5 3.d4 Nf6 4.Nc3 Be7 5.Bf4 O-O 6.a3 c5 7.dxc5 dxc4 8.e4 Qa5
9.Bxc4 Nxe4 10.b4 Nxc3 11.Qc2 Qd8 12.Qxc3 Bf6 13.Be5 Nd7 14.Bxf6 Qxf6 15.Qxf6 gxf6
16.Ke2 Rd8 17.Rhd1 a5 18.Bb5 axb4 19.axb4 Rxa1 20.Rxa1 Kf8 21.Nd2 Ne5 22.Ra7 Kg7
23.f3 Rd4 24.Ra4 Bd7 25.Bxd7 Nxd7 26.Nb3 Rc4 27.Kd2 b5 28.Ra7 Ne5 29.Na5 Rxb4
30.Kc3 Ra4 31.c6 Nxc6 32.Nxc6 Rc4+ 33.Kd2 Rxc6  0-1

[Event "XXXIII Open"]
[Site "Barbera del Valles ESP"]
[Date "2010.07.09"]
[Round "6"]
[White "Gagarin,V"]
[Black "Bhat,V"]
[Result "1/2-1/2"]
[WhiteElo "2403"]
[BlackElo "2536"]

1.d4 d5 2.c4 e6 3.Nf3 Nf6 4.Nc3 Be7 5.Bf4 O-O 6.e3 Nbd7 7.a3 c5 8.cxd5 Nxd5
9.Nxd5 exd5 10.dxc5 Nxc5 11.Be5 Be6 12.Be2 a6 13.O-O Qb6 14.Bd4 Qd6 15.Be5 Qb6
16.Bd4 Qd6 17.Be5  1/2-1/2

[Event "9th Open"]
[Site "La Fere FRA"]
[Date "2010.07.09"]
[Round "8"]
[White "Cardon,Pi"]
[Black "Dal Borgo,A"]
[Result "0-1"]
[WhiteElo "1871"]
[BlackElo "2204"]

1.d4 d5 2.c4 e6 3.Nc3 Nf6 4.Nf3 Be7 5.Bf4 O-O 6.h3 c5 7.e3 Nc6 8.dxc5 Bxc5
9.Qc2 Qa5 10.Rc1 Re8 11.Ne5 Ne4 12.Nxc6 bxc6 13.Bd3 e5 14.Bh2 Nxc3 15.bxc3 e4
16.Be2 d4 17.exd4 Bxd4 18.O-O Bb6 19.Rcd1 Bf5 20.Qb3 Rad8 21.a4 Qc5 22.Qb4 Rxd1
23.Bxd1 Rd8 24.Bg3 Rd3 25.Kh1 a5 26.Qxc5 Bxc5 27.Bc7 Rxc3 28.Bxa5 Rc1 29.Kg1 e3
30.fxe3 Bxe3+ 31.Kh2 Be6 32.Be2 Rc2 33.Rd1 f6 34.Rd8+ Kf7 35.Bb4  0-1

[Event "Canadian Open"]
[Site "Toronto CAN"]
[Date "2010.07.10"]
[Round "1"]
[White "Malaniuk,V"]
[Black "Gentes,K"]
[Result "1-0"]
[WhiteElo "2543"]
[BlackElo "2259"]

1.d4 Nf6 2.Nf3 e6 3.c4 d5 4.Nc3 Be7 5.Bf4 O-O 6.e3 a6 7.c5 Ne4 8.Nxe4 dxe4
9.Nd2 f5 10.Bc4 g5 11.Bg3 Nc6 12.f3 Nxd4 13.exd4 e3 14.Nf1 f4 15.Nxe3 fxg3
16.hxg3 Bf6 17.Qd3 Rf7 18.Ng4  1-0

[Event "3rd Open"]
[Site "Paracin SRB"]
[Date "2010.07.13"]
[Round "5"]
[White "Dezelin,M"]
[Black "Rajkovic,B"]
[Result "1/2-1/2"]
[WhiteElo "2308"]
[BlackElo "2175"]

1.d4 d5 2.c4 e6 3.Nc3 Nf6 4.Nf3 Be7 5.Bf4 O-O 6.e3 Nbd7 7.Qc2 c6 8.Bd3 dxc4
9.Bxc4 b5 10.Bd3 Bb7  1/2-1/2

[Event "3rd Open"]
[Site "Paracin SRB"]
[Date "2010.07.14"]
[Round "7"]
[White "Simantsev,M"]
[Black "Abramovic,B"]
[Result "1-0"]
[WhiteElo "2539"]
[BlackElo "2465"]

1.d4 Nf6 2.c4 e6 3.Nc3 d5 4.Nf3 Be7 5.Bf4 O-O 6.e3 c5 7.dxc5 Bxc5 8.a3 Nc6
9.Qc2 Be7 10.Rd1 Qa5 11.Be2 Rd8 12.O-O a6 13.cxd5 exd5 14.Ne5 Be6 15.Qa4 Qb6
16.Nxc6 bxc6 17.Qc2 c5 18.Na4 Qa7 19.Be5 Rac8 20.Rc1 Ng4 21.Bf4 Nf6 22.Be5 Ng4
23.Bf4 Nf6 24.Rfd1 d4 25.exd4 cxd4 26.Qd3 Nd5 27.Rxc8 Rxc8 28.Be5 a5 29.Bxd4 Qb8
30.g3 Nf6 31.Nb6 Rc6 32.Qb5 Rd6 33.Nd5 Qd8 34.Bxf6 Bxf6 35.Nxf6+ gxf6 36.Rxd6 Qxd6
37.Qxa5 Bh3 38.Qh5 Qe6 39.a4 Bf5 40.Qf3 Qe5 41.Bd3 Bxd3 42.Qxd3 Kg7 43.b3 Kg8  1-0

[Event "Open"]
[Site "Antakya TUR"]
[Date "2010.07.17"]
[Round "4"]
[White "Mirzoev,A"]
[Black "Chighladze,I"]
[Result "1/2-1/2"]
[WhiteElo "2541"]
[BlackElo "2375"]

1.d4 d5 2.Nf3 Nf6 3.c4 e6 4.Nc3 Be7 5.Bf4 c5 6.dxc5 Bxc5 7.e3 Nc6 8.a3 O-O
9.Qc2 Qa5 10.O-O-O Be7 11.Kb1 a6 12.cxd5 exd5 13.Bd3 h6 14.Ne2 Bd7 15.Ne5 Nxe5
16.Bxe5 Ba4 17.Qd2 Qxd2 18.Rxd2 Ne4 19.Bxe4 dxe4 20.Ng3 f5 21.Rc1 Rad8 22.Rxd8 Bxd8
23.Bd6 Rf6 24.Bc7 Be7 25.Be5 Re6 26.Bd4 g6 27.Rc7 Bc6 28.Ne2 Bd6 29.Rg7+ Kf8
30.Rh7 Bb5 31.Ng3 h5 32.Kc2 Be5 33.Bxe5 Rxe5 34.h4 Rc5+ 35.Kd2 b6 36.Rb7 Rc6
37.b3 Bd3 38.a4 a5 39.Ke1 Rc1+ 40.Kd2 Rc6 41.Ke1 Rc1+ 42.Kd2 Rc2+ 43.Ke1 Rc1+  1/2-1/2

[Event "4th LCT"]
[Site "Leiden NED"]
[Date "2010.07.17"]
[Round "8"]
[White "Law,Nicky"]
[Black "Kirana,M"]
[Result "1-0"]
[WhiteElo "2205"]
[BlackElo "2068"]

1.d4 d5 2.c4 e6 3.Nc3 Nf6 4.Nf3 Be7 5.Bf4 c6 6.e3 Nbd7 7.h3 O-O 8.Bd3 Re8
9.Qc2 b6 10.cxd5 exd5 11.O-O Bb7 12.Rac1 g6 13.Rfd1 Nf8 14.e4 Ne6 15.Bg3 a6
16.exd5 cxd5 17.Qb3 b5 18.a4 b4 19.Ne2 Qa5 20.Nf4 Nxf4 21.Bxf4 Rec8 22.Ne5 Ne8
23.Be2 f6 24.Ng4 Bc6 25.Qe3 Kf8 26.Qe6 Ng7 27.Bh6 Qc7 28.Nxf6  1-0

[Event "ch-USA w"]
[Site "St Louis USA"]
[Date "2010.07.17"]
[Round "7"]
[White "Zatonskih,A"]
[Black "Marinello,B"]
[Result "1-0"]
[WhiteElo "2470"]
[BlackElo "2160"]

1.d4 d5 2.c4 e6 3.Nf3 Nf6 4.Nc3 Be7 5.Bf4 O-O 6.e3 a6 7.Qc2 dxc4 8.Bxc4 b5
9.Bd3 Bb7 10.a4 Nc6 11.Qe2 Nb4 12.Bb1 bxa4 13.O-O a5 14.Rd1 Nfd5 15.Bg3 Ba6
16.Qd2 Bc4 17.Nxa4 Nb6 18.Rc1 Rc8 19.Nc5 Ra8 20.e4 Ra7 21.Qc3 Qa8 22.Ne5 Bb5
23.Qe3 Rd8 24.Bf4 c6 25.Qh3 Bxc5 26.dxc5 Nd7 27.Nxd7 Raxd7 28.Bd6 e5 29.Ra3 Rxd6
30.cxd6 Rxd6 31.Qc3 Qd8 32.h3 Rd1+ 33.Rxd1 Qxd1+ 34.Kh2 Qxb1 35.Rxa5 h6 36.Qxb4 Qc1
37.Ra8+ Kh7 38.Qc3 Qf4+ 39.Qg3 Qxe4 40.Re8 f6 41.Re7 Qg6 42.Qxg6+ Kxg6 43.b4 h5
44.Kg3 Kh6 45.h4 g5 46.hxg5+ Kxg5 47.Rg7+ Kh6 48.Rg8 Bc4 49.Rc8 Bd5 50.Rd8  1-0

[Event "33rd Taminco Open"]
[Site "Ghent BEL"]
[Date "2010.07.18"]
[Round "3"]
[White "Shchekachev,A"]
[Black "Roos,Ad"]
[Result "1-0"]
[WhiteElo "2546"]
[BlackElo "2097"]

1.Nf3 Nf6 2.c4 e6 3.Nc3 d5 4.d4 Be7 5.Bf4 O-O 6.Qc2 dxc4 7.e4 Nc6 8.Rd1 Nb4
9.Qb1 Nd3+ 10.Bxd3 cxd3 11.O-O c6 12.Rfe1 a5 13.Rxd3 Nh5 14.Bc1 f5 15.exf5 exf5
16.a3 Bf6 17.Ne5 Kh8 18.Rdd1 Qd6 19.Nc4 Qc7 20.Qd3 b5 21.Ne5 g6 22.Qc2 Ba6
23.Nd5 Qd6 24.Nxf6 Rxf6 25.Bg5 Rff8 26.Be7  1-0

[Event "4th Open"]
[Site "Vecindario ESP"]
[Date "2010.07.18"]
[Round "1"]
[White "Vera Gonzalez Quevedo,R"]
[Black "Marrero Cardenes,Agustin"]
[Result "1-0"]
[WhiteElo "2513"]
[BlackElo "1788"]

1.d4 d5 2.c4 e6 3.Nc3 Nf6 4.Nf3 Be7 5.Bf4 h6 6.e3 O-O 7.Qc2 Nbd7 8.g4 Nxg4
9.Rg1 h5 10.cxd5 exd5 11.Nxd5 Bd6 12.Ng5 Ngf6 13.Be5 g6 14.Nxf7 Rxf7 15.Nxf6+ Nxf6
16.Qxg6+ Kf8 17.Bc4 Bb4+ 18.Ke2 Nd5 19.Qg8+ Ke7 20.Qxd8+ Kxd8 21.Bxd5 Rf8
22.Rg7 c6 23.Bf3 Bg4 24.Bxg4 hxg4 25.Rxb7 c5 26.Bf4  1-0

[Event "Open"]
[Site "Antakya TUR"]
[Date "2010.07.20"]
[Round "9"]
[White "Abbasov,F"]
[Black "Chighladze,I"]
[Result "0-1"]
[WhiteElo "2549"]
[BlackElo "2375"]

1.d4 d5 2.c4 e6 3.Nc3 Nf6 4.Nf3 Be7 5.Bf4 O-O 6.e3 Nbd7 7.Rc1 c6 8.h3 b6
9.Be2 Bb7 10.O-O a6 11.a3 dxc4 12.Bxc4 b5 13.Bd3 c5 14.Qe2 Rc8 15.Bh2 cxd4
16.Nxd4 Nc5 17.Bb1 Nd5 18.Rfd1 Nxc3 19.Rxc3 Qd5 20.Nf3 Qh5 21.e4 Bf6 22.e5 Be7
23.Bg3 Na4 24.Rxc8 Rxc8 25.Kh2 Bd5 26.Rd2 Nb6 27.Nd4 Qxe2 28.Nxe2 Nc4 29.Rc2 Be4
30.Rc1 Bxb1 31.Rxb1 Rd8 32.Bf4 g5 33.Bc1 Nd2 34.Bxd2 Rxd2 35.Nc3 Rxf2 36.Kg3 Rc2
37.Ne4 a5 38.Kf3 h5 39.Nc3 Bxa3  0-1

[Event "YGM"]
[Site "Biel SUI"]
[Date "2010.07.20"]
[Round "2"]
[White "Tomashevsky,E"]
[Black "Negi,P"]
[Result "1-0"]
[WhiteElo "2708"]
[BlackElo "2615"]

1.d4 d5 2.c4 e6 3.Nf3 Nf6 4.Nc3 Be7 5.Bf4 O-O 6.e3 c5 7.dxc5 Bxc5 8.Qc2 Nc6
9.a3 Be7 10.Bg3 Ne4 11.cxd5 exd5 12.Bd3 Nxc3 13.bxc3 g6 14.O-O Bf6 15.Rab1 Qa5
16.Rb3 a6 17.c4 Be6 18.Rxb7 Rfc8 19.cxd5 Bxd5 20.Qd1 Nd4 21.Rb4 Nxf3+ 22.gxf3 Qxa3
23.Ra4 Qc5 24.e4 Bb7 25.Qb3 Qc3 26.Qxb7 Qxd3 27.e5 Bg7 28.Rf4 Rf8 29.Rxf7 Rxf7
30.Qxa8+ Rf8 31.Qc6 Qxf3 32.Qxa6 Qe4 33.Qa5 h5 34.Re1 Qf5 35.Qa2+ Kh7 36.e6 Re8
37.Qc4 Bf6 38.Kg2 g5 39.Qc6 h4 40.Qxe8 h3+ 41.Kg1 Qf3 42.Qd7+ Kh6 43.Kf1 Qh1+
44.Ke2 Qe4+ 45.Kf1 Qh1+ 46.Ke2 Qe4+ 47.Kd2 Qb4+ 48.Kd3 Qxe1 49.Kc4 Qc3+ 50.Kb5 Qb3+
51.Kc6 Qc4+ 52.Kb7 Qb4+ 53.Kc8 Qf8+ 54.Kc7 Qc5+ 55.Qc6 Qe7+ 56.Kc8 Qf8+ 57.Kb7 Qb4+
58.Kc7 Qe7+ 59.Kb6 Qb4+ 60.Qb5 Qe4 61.Qb3 Kg6 62.Kc7 Be5+ 63.Bxe5 Qxe5+ 64.Kc6 Qe4+
65.Qd5 Qa4+ 66.Kd6 Qa6+ 67.Qc6 Qa3+ 68.Qc5 Qa6+ 69.Kd7 Qa4+ 70.Kd8 Qa8+ 71.Kd7 Qa4+
72.Ke7 g4 73.Kd8 Qd1+ 74.Ke8 Qa4+ 75.Ke7 Qe4 76.Qb5 Kh6 77.Kd6 Qf4+ 78.Qe5 Qxf2
79.e7 Qb6+ 80.Kd7 Qb7+ 81.Ke6 Qb3+ 82.Kf5 Qc2+ 83.Kxg4 Qg2+ 84.Kh4 Qf2+ 85.Kxh3 Qf3+
86.Kh4 Qf2+ 87.Kg4 Qg2+ 88.Kf5 Qg6+ 89.Kf4 Qf7+ 90.Kg3 Qe8 91.h4 Kg6 92.h5+ Kh6
93.Qf6+ Kxh5 94.Qf5+  1-0

[Event "21st Czech GM Open"]
[Site "Pardubice CZE"]
[Date "2010.07.23"]
[Round "1"]
[White "Stocek,J"]
[Black "Oparin,G"]
[Result "1-0"]
[WhiteElo "2587"]
[BlackElo "2309"]

1.d4 d5 2.Nf3 Nf6 3.c4 e6 4.Nc3 Be7 5.Bf4 O-O 6.a3 b6 7.cxd5 Nxd5 8.Nxd5 exd5
9.g3 c5 10.Bg2 Bb7 11.dxc5 bxc5 12.O-O Nd7 13.Qc2 Nf6 14.Rad1 Qb6 15.Be5 Rfe8
16.Rfe1 Qe6 17.Bxf6 Qxf6 18.e4 dxe4 19.Nd2 Rab8 20.Bxe4 Ba6 21.b3 g6 22.Nc4 Bxc4
23.Qxc4 Bd6 24.Re3 Kg7 25.Rf3 Qe7 26.Bd5 f6 27.Bc6 Red8 28.Rfd3 Rbc8 29.Qa6 Rb8
30.Qa4 Kh8 31.Kg2 Qc7 32.Bf3 Kg7 33.h4 h5 34.R1d2 Qe7 35.Qc6 Rbc8 36.Qa6 Be5
37.Rxd8 Rxd8 38.Rxd8 Qxd8 39.Qxa7+ Qc7 40.Qa8 Qb8 41.Qxb8 Bxb8 42.Bc6 f5
43.Kf3 Kf6 44.Be8 Bc7 45.a4 Ba5 46.Ke2 Bb6 47.f3 Bc7 48.Kf2 Bb6 49.Kf1 Bc7
50.Kg2 Ba5 51.Kf1 Bc7 52.Kf2 Bb6 53.Ke2 Bc7 54.f4 Ba5 55.Kd3 c4+ 56.Kxc4 Be1
57.b4 Bxg3 58.b5 Bxf4 59.b6 Be3 60.a5 f4 61.Bc6 Ke5 62.Kb5  1-0

[Event "3rd Open"]
[Site "Paleochora GRE"]
[Date "2010.07.24"]
[Round "4"]
[White "Cruz Alvarez de Ron,D"]
[Black "Dimopoulos,D"]
[Result "0-1"]
[WhiteElo "2313"]
[BlackElo "1919"]

1.Nf3 Nf6 2.c4 e6 3.Nc3 d5 4.d4 Be7 5.Bf4 O-O 6.e3 a6 7.Rc1 Nbd7 8.cxd5 exd5
9.Bd3 c6 10.O-O Nh5 11.Qc2 g6 12.Bh6 Re8 13.Rfe1 f5 14.g4 fxg4 15.Bxg6 gxf3
16.Bxh5 Bg5 17.Qf5 Bxh6 18.Qf7+ Kh8 19.Qxe8+ Qxe8 20.Bxe8 Nf6 21.Rc2 Bf5
22.e4 Rxe8  0-1

[Event "3rd Open"]
[Site "Paleochora GRE"]
[Date "2010.07.24"]
[Round "4"]
[White "David,Alb"]
[Black "Vuilleumier,A"]
[Result "1-0"]
[WhiteElo "2622"]
[BlackElo "2361"]

1.d4 d5 2.Nf3 Nf6 3.c4 e6 4.Nc3 Be7 5.Bf4 O-O 6.e3 Nbd7 7.c5 c6 8.b4 b6 9.a3 a5
10.h3 Ne4 11.Nxe4 dxe4 12.Ne5 Nxe5 13.Bxe5 f6 14.Bh2 Qd5 15.Be2 Ba6 16.O-O axb4
17.axb4 Bxe2 18.Qxe2 bxc5 19.bxc5 e5 20.dxe5 f5 21.Rac1 Ra2 22.Rc2 Rfa8 23.g4 Rxc2
24.Qxc2 fxg4 25.hxg4 Qd3 26.Qb1 Bxc5 27.Bg3 Qxb1 28.Rxb1 Rc8 29.Rb7 Ba3 30.Kf1 c5
31.Ke2 Rd8 32.Bh4 Ra8 33.e6 h6 34.Be7 Bb4 35.f4 exf3+ 36.Kxf3 Re8 37.Ke4 Kh7
38.Kd5 Kg6 39.Kd6 Rg8 40.Kd7 h5 41.gxh5+ Kh6 42.Bd6  1-0

[Event "XIV Battle Of Senta"]
[Site "Senta SRB"]
[Date "2010.07.24"]
[Round "9"]
[White "Tancik,K"]
[Black "Popov,St"]
[Result "1/2-1/2"]
[WhiteElo "2258"]
[BlackElo "2208"]

1.d4 d5 2.c4 e6 3.Nc3 Be7 4.Nf3 Nf6 5.Bf4 c6 6.e3 O-O 7.Bd3 Nbd7 8.O-O dxc4
9.Bxc4 Nd5 10.Bg3 N7f6  1/2-1/2

[Event "3rd Open"]
[Site "Paleochora GRE"]
[Date "2010.07.26"]
[Round "6"]
[White "Sulashvili,M"]
[Black "Goumas,G"]
[Result "1-0"]
[WhiteElo "2498"]
[BlackElo "2298"]

1.d4 Nf6 2.Nf3 e6 3.c4 d5 4.Nc3 Be7 5.Bf4 O-O 6.e3 c5 7.dxc5 Qa5 8.a3 dxc4
9.Bxc4 Qxc5 10.Be2 Rd8 11.Qb3 Nc6 12.O-O e5 13.Bg5 Be6 14.Qa4 Qb6 15.Bb5 h6
16.Bxf6 Bxf6 17.Bc4 Bxc4 18.Qxc4 Na5 19.Qe2 e4 20.Nxe4 Qxb2 21.Nxf6+ Qxf6
22.Qb5 b6 23.Nd4 a6 24.Qa4 Nb7 25.Qb4 Nc5 26.Rab1 Rd6 27.a4 Qe5 28.a5 b5
29.Rbd1 Qd5 30.g3 Rad8 31.Qa3 Ne4 32.f3 Ng5 33.Rd2 Qb7 34.Rc2 Rf6 35.Kg2 Qd7
36.g4 Nxf3 37.Rxf3 Qxg4+ 38.Rg3 Qe4+ 39.Kg1 g5 40.Qb2  1-0

[Event "TCh-MNE Premier League"]
[Site "Cetinje MNE"]
[Date "2010.07.27"]
[Round "4"]
[White "Milanovic,Sla"]
[Black "Geler,A"]
[Result "1-0"]
[WhiteElo "2370"]
[BlackElo "2325"]

1.c4 e6 2.Nc3 d5 3.d4 Be7 4.Nf3 Nf6 5.Bf4 O-O 6.e3 c5 7.dxc5 Bxc5 8.cxd5 Nxd5
9.Nxd5 exd5 10.a3 Nc6 11.Bd3 Bb6 12.b4 d4 13.e4 Bg4 14.h3 Bh5 15.g4 Bg6 16.O-O a6
17.Rc1 Rc8 18.Bg3 Bc7 19.e5 Bxd3 20.Qxd3 h6 21.b5 axb5 22.Qxb5 Rb8 23.Rcd1 f5
24.Nxd4 Nxd4 25.Qc4+ Kh8 26.Rxd4 Qe7 27.Rfd1 Bb6 28.Rd6 f4 29.Bxf4 Bxf2+
30.Kxf2 Rxf4+ 31.Qxf4  1-0

[Event "21st Czech GM Open"]
[Site "Pardubice CZE"]
[Date "2010.07.27"]
[Round "5"]
[White "Cifka,S"]
[Black "Novotny,M1"]
[Result "1-0"]
[WhiteElo "2420"]
[BlackElo "2237"]

1.d4 Nf6 2.Nf3 e6 3.c4 d5 4.Nc3 Be7 5.Bf4 c6 6.e3 Nbd7 7.Bd3 dxc4 8.Bxc4 Nb6
9.Bb3 Nbd5 10.Be5 Qa5 11.Rc1 Nxc3 12.bxc3 O-O 13.O-O c5 14.Qd3 Bd7 15.c4 cxd4
16.Bc2 Ba4 17.exd4 Bxc2 18.Rxc2 Rfd8 19.Rb2 b6 20.Rb5 Qxa2 21.Ng5 h6 22.d5 Rac8
23.Bxf6 Bxf6 24.Qh7+ Kf8 25.d6 Rxd6 26.Qh8+ Ke7 27.Qxc8 Bxg5 28.c5 Rd8 29.Qc7+ Rd7
30.Qe5 Rd5 31.Qxg7 Qe2 32.Rb2 Qe4 33.Ra2 a5 34.cxb6 Bf6 35.Qg3 Rg5 36.Qc7+ Kf8
37.g3 Rb5 38.Rd2  1-0

[Event "ch-AUT"]
[Site "Vienna AUT"]
[Date "2010.07.27"]
[Round "4"]
[White "Knoll,H"]
[Black "Natter,S"]
[Result "1-0"]
[WhiteElo "2378"]
[BlackElo "2245"]

1.d4 d5 2.Nf3 Nf6 3.c4 e6 4.Nc3 Be7 5.Bf4 O-O 6.e3 Nbd7 7.a3 c5 8.dxc5 Nxc5
9.cxd5 Nxd5 10.Nxd5 exd5 11.Be5 Ne4 12.Be2 Bf6 13.Bxf6 Qxf6 14.Qd4 Qg6 15.O-O Bh3
16.Ne1 Rfd8 17.Rc1 h5 18.Kh1 Bf5 19.Nd3 h4 20.Nf4 Qh7 21.h3 Nf6 22.Rc7 b6
23.Rfc1 Ne8 24.Re7 Be4 25.Rc6 Nd6 26.Bg4 Nb5 27.Qe5 f5 28.Qe6+  1-0

[Event "IV AD San Juan Open"]
[Site "Pamplona ESP"]
[Date "2010.07.29"]
[Round "5"]
[White "Tregubov,P"]
[Black "Del Rio de Angelis,S"]
[Result "1/2-1/2"]
[WhiteElo "2610"]
[BlackElo "2521"]

1.d4 e6 2.c4 Nf6 3.Nf3 d5 4.Nc3 Be7 5.Bf4 O-O 6.e3 Nbd7 7.Qc2 c5 8.dxc5 Nxc5
9.Be2 b6 10.O-O Bb7 11.Rfd1 Qc8 12.Ne5 Rd8 13.Rac1 dxc4 14.Nxc4 Qc6 15.Bf3 Qe8
16.Bxb7 Nxb7 17.h3 Rac8 18.Qe2 Nd5 19.Nxd5 Rxd5 20.Ne5 Rxd1+ 21.Qxd1 f6 22.Nd3 Rxc1
23.Qxc1 Qd7 24.Qc7 Qxc7 25.Bxc7 Kf7 26.Bb8 a6 27.Bc7 Bd8 28.Bxd8 Nxd8 29.f3 Nc6
30.Kf2 e5 31.e4  1/2-1/2

[Event "XXXVI Open"]
[Site "Sitges ESP"]
[Date "2010.07.29"]
[Round "8"]
[White "Gonzalez Garcia,J2"]
[Black "Gonzalez Perez,A"]
[Result "1-0"]
[WhiteElo "2508"]
[BlackElo "2403"]

1.d4 d5 2.c4 e6 3.Nf3 Nf6 4.Nc3 Be7 5.Bf4 O-O 6.e3 c5 7.dxc5 Bxc5 8.Qc2 Nc6
9.a3 Qa5 10.Rd1 Be7 11.Be2 dxc4 12.Bxc4 a6 13.O-O Nh5 14.Bd6 Bxd6 15.Rxd6 Ne5
16.Nxe5 Qxe5 17.Rfd1 b5 18.Bd3 Nf6 19.Be4 Ra7 20.Bf3 Rd7 21.Rxd7 Bxd7 22.Ne4 Nxe4
23.Bxe4 f5 24.Rxd7 fxe4 25.Rd4 Qf5 26.Rxe4 Rd8 27.f3 h6 28.h3 Rd5 29.Qc8+ Kh7
30.Qxe6 Rd1+ 31.Kh2 Qc5 32.Re5 Qc7 33.f4 Qc2 34.Re4 Qc5 35.Re5 Qc2 36.Re4 Qc5
37.Qf7 Rd6 38.Re7 Rg6 39.Re6 Rxe6 40.Qxe6 a5 41.Qe4+ Kh8 42.Qe8+ Kh7 43.Qe4+ Kh8
44.Qd4 Qc2 45.e4 h5 46.e5 Qe2 47.f5 b4 48.f6 gxf6 49.exf6 Kg8 50.axb4 axb4
51.Qd8+ Kf7 52.Qe7+ Qxe7 53.fxe7 h4 54.g3 Kxe7 55.gxh4 Ke6 56.h5 Kf6 57.h4 Kg7
58.Kg3 Kh6 59.Kf4 Kxh5 60.Ke4 Kxh4 61.Kd4 Kg4 62.Kc4 Kf5 63.Kxb4 Ke6 64.Kc5 Kd7
65.Kb6 Kc8 66.b4 Kb8 67.b5 Ka8 68.Kc7  1-0

[Event "ch-AUT"]
[Site "Vienna AUT"]
[Date "2010.07.29"]
[Round "6"]
[White "Hoelzl,F"]
[Black "Danner,G"]
[Result "1/2-1/2"]
[WhiteElo "2325"]
[BlackElo "2418"]

1.d4 Nf6 2.Nf3 e6 3.c4 d5 4.Nc3 Be7 5.Bf4 c5 6.dxc5 Bxc5 7.e3 O-O 8.cxd5 Nxd5
9.Nxd5 exd5 10.Bd3 Bb4+ 11.Ke2 Nc6 12.Qc2 h6 13.Rac1 Bg4 14.Bh7+ Kh8 15.Bf5 Bxf3+
16.gxf3 Bd6 17.Bg3 Qe7 18.Rhd1 Rad8 19.Kf1 Be5 20.Kg2 d4 21.Be4 Bxg3 22.hxg3 dxe3
23.fxe3 Rxd1 24.Rxd1 Rd8 25.Rxd8+ Nxd8 26.f4 g6 27.Qc3+ Kg8 28.Bd5 b6 29.Kf3 Qd7
30.e4 h5 31.Qf6 Kf8 32.Ke3 Qc7 33.Qc3 Qd6 34.b4 Ke7 35.a3 Ke8 36.Qd4 Ke7
37.e5 Qc7 38.Bc4 Ne6 39.Qd5 Nd8 40.Qd3  1/2-1/2

[Event "ch-AUT"]
[Site "Vienna AUT"]
[Date "2010.07.30"]
[Round "7"]
[White "Pilaj,H"]
[Black "Binder,Mi"]
[Result "0-1"]
[WhiteElo "2362"]
[BlackElo "2270"]

1.Nf3 Nf6 2.d4 d5 3.c4 e6 4.Nc3 Be7 5.Bf4 O-O 6.e3 c5 7.dxc5 Bxc5 8.cxd5 Nxd5
9.Nxd5 exd5 10.a3 Nc6 11.Bd3 Bb6 12.O-O d4 13.e4 Bg4 14.h3 Bh5 15.g4 Bg6
16.Nd2 f6 17.Nc4 Bc7 18.Bxc7 Qxc7 19.f4 Rfe8 20.Qf3 Qe7 21.Rae1 Rac8 22.h4 b5
23.Nd2 a6 24.Re2 Na5 25.h5 Bf7 26.e5 Bc4 27.exf6 Qxf6 28.Ne4 Qc6 29.Ng5 Rxe2
30.Qxe2 h6 31.Nf3 Qd5 32.Ne5 Bxd3 33.Qxd3 Nc4 34.Re1 Ne3 35.Qd2 Rc2 36.Qxc2 Nxc2
37.Ng6 Qd8 38.Re5 d3 39.Rd5 Qb6+ 40.Kh2 Qf2+ 41.Kh3 Qe3+ 42.Kh4 d2 43.Rd8+ Kf7
44.Ne5+ Kf6  0-1

[Event "ch-AUT"]
[Site "Vienna AUT"]
[Date "2010.07.31"]
[Round "8"]
[White "Knoll,H"]
[Black "Danner,G"]
[Result "1-0"]
[WhiteElo "2378"]
[BlackElo "2418"]

1.d4 d5 2.Nf3 Nf6 3.c4 e6 4.Nc3 Be7 5.Bf4 O-O 6.e3 b6 7.Rc1 Bb7 8.a3 c5 9.dxc5 Bxc5
10.b4 Be7 11.cxd5 Nxd5 12.Nxd5 Qxd5 13.Qc2 Rc8 14.Qxc8+ Bxc8 15.Rxc8+ Bf8
16.Bc4 Qd7 17.Rc7 Qa4 18.O-O Na6 19.Rb7 Nc5 20.Rc7 Ne4 21.Nd4 Qxa3 22.Nc2 Qb2
23.Be2 Nc3 24.Bf3 Nd5 25.Bxd5 exd5 26.h3 f6 27.Rd1 Qb3 28.Rc1 Qb2 29.Rd1 a5
30.bxa5 Rxa5 31.Nd4 Ra1 32.Rxa1 Qxa1+ 33.Kh2 g5 34.Bg3 Qa8 35.Rd7 b5 36.h4 gxh4
37.Bxh4 Qa6 38.Rxd5 b4 39.Bg3 Qc4 40.Rb5 Bc5 41.Rb8+ Kf7 42.Rb7+ Kg6 43.Nf3 Kf5
44.Rxh7 b3 45.Nd2 Qc2 46.Nxb3 Qxb3 47.Rh5+ Kg6 48.Rxc5 Qd3 49.Bf4 Qe2 50.Bg3 Qd1
51.Rc4 Qh5+ 52.Rh4 Qe2 53.e4 Kf7 54.Rf4 Kg6 55.Bh4 f5 56.exf5+ Kg7 57.g4 Qe5
58.Bg3 Qe2 59.Rd4 Qf3 60.Rf4 Qe2 61.g5 Qh5+ 62.Bh4 Qf7 63.Kg3 Qb3+ 64.Rf3 Qb8+
65.Kg4 Qb4+ 66.Rf4 Qe1 67.f3 Qg1+ 68.Bg3 Qc5 69.Re4 Kf7 70.g6+ Kg7 71.Be5+ Kh6
72.Bf4+ Kg7 73.Re1 Qb4 74.Rc1 Qd4 75.Rc7+ Kg8 76.Kg5 Qg1+ 77.Kh5 Qh1+ 78.Kg4 Qg1+
79.Bg3 Qd4+ 80.Kh3 Qd5 81.Kg4 Qd4+ 82.Kg5 Qd2+ 83.Kf6 Qd4+ 84.Be5 Qd8+ 85.Ke6 Qe8+
86.Kd6 Qf8+ 87.Ke6 Qe8+ 88.Kd5 Qa8+ 89.Kd4 Qa4+ 90.Ke3 Qb3+ 91.Rc3 Qb6+ 92.Bd4 Qd8
93.f4 Qd7 94.f6 Qe8+ 95.Kf2 Qd7 96.f7+ Kf8 97.Bc5+  1-0

[Event "19th Open"]
[Site "Kavala GRE"]
[Date "2010.08.01"]
[Round "3"]
[White "Vorobiov,E"]
[Black "Grover,S"]
[Result "1/2-1/2"]
[WhiteElo "2592"]
[BlackElo "2411"]

1.d4 e6 2.c4 Nf6 3.Nf3 d5 4.Nc3 Be7 5.Bf4 O-O 6.e3 Nbd7 7.a3 c5 8.cxd5 Nxd5
9.Nxd5 exd5 10.dxc5 Nxc5 11.Be5 Bg4 12.Be2 Bxf3 13.Bxf3 Bf6 14.Bxf6 Qxf6
15.Rc1 Rac8 16.Rc2 Ne4 17.O-O Qe5 18.Qc1 Rxc2 19.Qxc2 Ng5 20.Be2 Ne6 21.Bd3 g6
22.Rc1 Rd8 23.Bf1 Kg7 24.Qc3 d4 25.exd4 Qxd4 26.Qxd4+ Rxd4 27.Bc4 Rd2 28.Bxe6 fxe6
29.b4 Ra2 30.Rc7+ Kf6 31.h4 h5 32.Rxb7 Rxa3 33.Rb5 Ra2  1/2-1/2

[Event "Open"]
[Site "Szombathely HUN"]
[Date "2010.08.01"]
[Round "6"]
[White "Havanecz,B"]
[Black "Joo,G"]
[Result "1-0"]
[WhiteElo "1848"]
[BlackElo "2113"]

1.d4 Nf6 2.c4 e6 3.Nc3 d5 4.Nf3 Be7 5.Bf4 O-O 6.e3 b6 7.cxd5 Nxd5 8.Nxd5 exd5
9.Qc2 Bb4+ 10.Nd2 c5 11.Bd3 h6 12.a3 Bxd2+ 13.Qxd2 cxd4 14.exd4 Re8+ 15.Be3 Ba6
16.O-O Bxd3 17.Qxd3 Nd7 18.Rac1 Nf6 19.h3 Qd7 20.Rc2 Rac8 21.Rfc1 Ne4 22.Bf4 Rxc2
23.Qxc2 Re7 24.Qc8+ Qxc8 25.Rxc8+ Kh7 26.f3 Nf6 27.Kf2 Kg6 28.g4 Ne8 29.Rd8 Nf6
30.Be5 Re6 31.Bxf6 Kxf6 32.Rxd5 Rc6 33.Re5 Rc1 34.Re2 Rd1 35.Ke3 Rh1 36.Rc2 Re1+
37.Kd3 Rd1+ 38.Ke4 Re1+ 39.Kd5 Rh1 40.Rc7 Rxh3 41.Ke4 Rh2 42.b4 Re2+ 43.Kd5 Re3
44.Rxa7 Rxf3 45.Ra6 Rg3 46.Rxb6+ Ke7 47.a4 Rxg4 48.a5 Rg1 49.a6 Ra1 50.Rb7+ Kf6
51.a7 h5 52.b5 h4 53.b6 h3 54.Rb8  1-0

[Event "97th ch-GBR"]
[Site "Canterbury ENG"]
[Date "2010.08.02"]
[Round "7"]
[White "Williams,Pe"]
[Black "McCullough,S"]
[Result "1/2-1/2"]
[WhiteElo "2145"]
[BlackElo "2030"]

1.d4 d5 2.c4 e6 3.Nf3 Nf6 4.Nc3 Be7 5.Bf4 O-O 6.e3 c5 7.dxc5 Bxc5 8.Qc2 Nc6
9.a3 Bd6 10.Bxd6 Qxd6 11.Rd1 Rd8 12.Be2 Qf8 13.O-O dxc4 14.Rxd8 Qxd8 15.Rd1 Qa5
16.Bxc4 Bd7 17.Nb5 Be8 18.Nd6 Ne5 19.Nxe5 Qxe5 20.Nxe8 Rxe8 21.h3 g6 22.Be2 Kg7
23.Bf3 Re7 24.Qb3 b6 25.Qb4 Rc7 26.Qd4 Qa5 27.Qd3 e5 28.Qb3 Qc5 29.Rd2 Qa5
30.Rd1 e4 31.Be2 Qe5 32.Rd2 h5 33.Qd1 g5 34.Bxh5 Nxh5 35.Qxh5 Rc1+ 36.Rd1 Rxd1+
37.Qxd1 Qxb2 38.Qd5 Qc1+ 39.Kh2 Qc7+ 40.Kg1 Qc1+ 41.Kh2 Qc7+ 42.g3 Qe7 43.a4 Qf6
44.Kg1 Qa1+ 45.Kg2 Qxa4 46.Qxg5+ Kh7 47.h4 Qd7 48.Qh5+ Kg8 49.Qe5 f5 50.g4 fxg4
51.Qxe4 Qf7 52.Qxg4+ Kh7 53.Kf1 a5 54.Qe4+ Kg8 55.f4 Qb3 56.Qg6+ Kh8 57.Qh6+ Kg8
58.Qg5+ Kh8 59.Qe5+ Kg8 60.h5 Qd1+ 61.Kf2 Qd2+ 62.Kf3 Qd1+ 63.Ke4 Qh1+ 64.Kd4 Qd1+
65.Kc4 Qa4+ 66.Kd5 Qd7+ 67.Ke4 Qa4+ 68.Qd4 Qe8+ 69.Kd3 Qxh5 70.Qxb6 Qd1+
71.Ke4 Qh1+ 72.Ke5 Qh5+ 73.f5 Qh8+ 74.Kd5 Qh1+ 75.e4 Qd1+ 76.Ke5 a4 77.Kf6 Qd7
78.Qb8+ Kh7 79.e5 a3 80.Qa8 Qg7+ 81.Ke6 Qg8+ 82.Qxg8+ Kxg8 83.Ke7 a2 84.f6 a1=Q
85.f7+ Kh7  1/2-1/2

[Event "Politiken Cup"]
[Site "Copenhagen DEN"]
[Date "2010.08.04"]
[Round "6"]
[White "Brunello,S"]
[Black "Rosenkilde,A"]
[Result "1-0"]
[WhiteElo "2488"]
[BlackElo "2204"]

1.d4 Nf6 2.Nf3 e6 3.c4 d5 4.Nc3 Be7 5.Bf4 O-O 6.e3 c6 7.Qc2 Nbd7 8.O-O-O a5
9.g4 Nxg4 10.Rg1 Ngf6 11.cxd5 exd5 12.Bd3 Re8 13.Ng5 Nf8 14.Be5 g6 15.h4 Nh5
16.f4 Ng7 17.Nxh7 Kxh7 18.h5 Nf5 19.hxg6+ fxg6 20.Qh2+ Kg8 21.Qh8+ Kf7 22.Rxg6  1-0

[Event "19th Open"]
[Site "Kavala GRE"]
[Date "2010.08.04"]
[Round "6"]
[White "Melkumyan,H"]
[Black "Nikolov,Mo"]
[Result "1-0"]
[WhiteElo "2606"]
[BlackElo "2552"]

1.d4 Nf6 2.c4 e6 3.Nf3 d5 4.Nc3 Be7 5.Bf4 O-O 6.a3 b6 7.cxd5 Nxd5 8.Nxd5 exd5
9.g3 c5 10.Bg2 Bb7 11.O-O Nd7 12.dxc5 bxc5 13.Qa4 a5 14.Rfd1 Nb6 15.Qc2 a4
16.h4 h6 17.Rac1 Qc8 18.Kh2 Re8 19.Ne5 Bf6 20.Bh3 Qd8 21.Ng4 Be7 22.Bxh6 gxh6
23.Nxh6+ Kg7 24.Nxf7 Qc7 25.Rd4 Bc8 26.Bxc8 Qxc8 27.Ne5 Qe6 28.Rg4+ Kh8 29.Rg6 Qxe5
30.Rh6+ Kg8 31.Qh7+ Kf8 32.Rg6  1-0

[Event "56th Aniv ITT"]
[Site "Villa Martelli ARG"]
[Date "2010.08.04"]
[Round "1"]
[White "Della Morte,G"]
[Black "Menna Barreto,F"]
[Result "1-0"]
[WhiteElo "2351"]
[BlackElo "2154"]

1.d4 Nf6 2.c4 e6 3.Nf3 d5 4.Nc3 Be7 5.Bf4 O-O 6.e3 Nbd7 7.c5 c6 8.h3 Re8
9.Bd3 Bxc5 10.dxc5 e5 11.Nxe5 Nxe5 12.Be2 Qe7 13.Qd4 Nfd7 14.Na4 b5 15.cxb6 axb6
16.b3 Bb7 17.O-O c5 18.Qd2 Bc6 19.Nc3 Nf6 20.Rfe1 Rad8 21.Bf1 h6 22.Bh2 Qb7
23.Qb2 Ng6 24.Nb5 Re6 25.Rac1 Nh4 26.Nc7 d4 27.Nxe6 Bxg2 28.Nxd8 Nf3+ 29.Kxg2 Nxe1+
30.Kg1 Nf3+ 31.Kh1 Qd5 32.Bg2  1-0